000 00972nam a2200301 i 4500
001 bg
003 BPK
005 20191024144424.0
008 980223s1997 pl a f f |000 0 pol
015 _aPB 1998/1437
020 _a8301123729
040 _aWA N
_cBPK
080 _a504
080 _a624
080 _a528.3/.4
080 _a(075.8)
100 1 _aPrzewłocki, Stefan
_d(1933- )
_eAutor
245 1 0 _aGeodezja dla inżynierii środowiska /
_cStefan Przewłocki.
260 _aWarszawa :
_bWydaw. Naukowe PWN,
_c1997.
300 _a306, [2] s., [8] s. tabl. kolor.:
_bfaks., fot., mapy, rys., wykr.;
_c24 cm.
504 _aBibliogr. przy rozdz.
650 4 _aInżynieria środowiska
650 4 _aGeodezja
655 4 _aPodręczniki akademickie
710 2 _aWydawnictwo Naukowe PWN
_4pbl.
856 _uhttp://koha.tu.koszalin.pl/cgi-bin/koha/opac-detail.pl?biblionumber=32698
_yKatalog online BPK
942 _2UKD
_cKS
999 _c32698
_d32698